000 00986pam a2200265 a 4500
001 1565
005 20230907090419.0
020 _a067142341X (pbk.) :
040 _aDLC
_cDLC
_dDLC
_beng
050 0 0 _aPZ7.D644
_bFu
082 0 0 _aFic
_219
100 1 _aDixon, Franklin W.
245 1 4 _aThe four-headed dragon /
_cFranklin W. Dixon ; illustrated by Leslie Morrill.
260 _aNew York :
_bWanderer Books
_c1981.
300 _a180 pages
_billustrations
_c20 cm
490 1 _aThe Hardy Boys mystery stories ;
_vBook 69
505 _aU
520 _aThe Hardy boys track a criminal who plans to use an invention designed as a peaceful aid to the secret Four-Headed Dragon organization behind the Iron Curtain to harm the free world instead.
521 _a820
_bLexile
521 _aU
_bRaz-Plus
650 1 _aMystery and detective stories.
700 1 _aMorrill, Leslie H.,
_eillustrator
906 _a7
_bcbc
_corignew
_d1
_eocip
_f19
_gy-gencatlg
942 _2ddc
_cBK
_n0
999 _c1565
_d1565